Les prénoms des peintres célèbres - 5 - Statistiques

Statistiques générales
  • Ce quiz a été pris 513 fois
  • Le résultat moyen est 9 sur 20
Statistiques - réponses
Hint Réponse % Correct
De Vinci Leonardo
96%
Van Gogh Vincent
96%
Warhol Andy
90%
Velasquez Diego
61%
Poussin Nicolas
59%
De Toulouse-Lautrec Henri
55%
Turner William
55%
Van Eyck Jan
54%
Vermeer Johannes
49%
Veneziano Domenico ou Paolo
36%
Van Dyck Antoon
34%
Whistler James
33%
Valadon Suzanne
33%
Vasari Giorgio
29%
Watteau Jean-Antoine
26%
Utrillo Maurice
25%
Vasarely Victor
23%
Poliakoff Serge
20%
Van der Weyden Rogier
16%
Ter Borch Gerard
10%
Aucun quiz correspondant
Distribution des résultats
% des personnes avec chaque résultat
Percentile par nombre de réponses
Votre historique - résultats
Vous n’avez pas pris ce quiz